[Event "Titled Tuesday intern op 03rd Oct Late"]
[Site "Chess.com INT"]
[Date "2023.10.03"]
[Round "1"]
[White "Sanchez Alvares, Kelvin Antonio"]
[Black "Shapiro, Bryan"]
[Result "0-1"]
[WhiteElo "2236"]
[BlackElo "1972"]
[PlyCount "72"]
[EventDate "2023.10.03"]
[EventType "swiss (blitz)"]
[EventRounds "11"]
[EventCountry "USA"]
[SourceTitle "EXT 2025"]
[Source "ChessBase"]
[SourceDate "2024.10.14"]
[SourceVersion "1"]
[SourceVersionDate "2024.10.14"]
[SourceQuality "1"]

1. e4 e5 2. Nf3 Nc6 3. Bb5 g6 4. Nc3 Bg7 5. d4 exd4 6. Nd5 h6 7. Bf4 d6 8. Nxd4 Bd7 9. Bxc6 bxc6 10. Nc3 Rb8 11. Rb1 Nf6 12. 0-0 Nh5 13. Be3 0-0 14. Qd2 Kh7 15. f4 c5 16. Nde2 Re8 17. f5 Bc6 18. fxg6+ fxg6 19. Rf7 Re7 20. Rbf1 Qd7 21. Rxe7 Qxe7 22. Nf4 Nxf4 23. Rxf4 Rxb2 24. h3 Be5 25. Rf1 g5 26. Nd5 Qg7 27. a3 Kg6 28. Qd3 Rb8 29. Rf5 Rf8 30. g4 Rxf5 31. exf5+ Kf7 32. Nxc7 Bd4 33. Ne6 Qe5 34. Bxd4 Qe1+ 35. Kh2 Qh1+ 36. Kg3 Qg2# 0-1

[Event "Titled Tuesday intern op 21st Feb Late"]
[Site "Chess.com INT"]
[Date "2023.02.21"]
[Round "1"]
[White "Shapiro, Bryan"]
[Black "Mendez Fortes, Eduardo Jesus"]
[Result "0-1"]
[WhiteElo "1972"]
[BlackElo "2250"]
[PlyCount "60"]
[EventDate "2023.02.21"]
[EventType "swiss (blitz)"]
[EventRounds "11"]
[EventCountry "USA"]
[SourceTitle "CBM 212 Extra"]
[Source "ChessBase"]
[SourceDate "2023.03.31"]
[SourceVersion "1"]
[SourceVersionDate "2023.03.31"]
[SourceQuality "1"]

1. d4 Nf6 2. c4 e6 3. Nf3 d5 4. Nc3 Bb4 5. Qa4+ Nc6 6. e3 0-0 7. Bd2 a6 8. Qc2 Re8 9. Bd3 dxc4 10. Bxc4 e5 11. dxe5 Nxe5 12. Nxe5 Rxe5 13. a3 Bd6 14. f4 Re8 15. h3 Bxf4 16. 0-0 Bxe3+ 17. Bxe3 Rxe3 18. Rad1 Qe7 19. Nd5 Nxd5 20. Bxd5 c6 21. Rxf7 Re1+ 22. Kh2 Qd6+ 23. g3 cxd5 24. Rxe1 Kxf7 25. Qxh7 Qh6 26. Rf1+ Ke7 27. Re1+ Kd6 28. Qxh6+ gxh6 29. Re8 d4 30. Kg2 Bxh3+ 0-1

[Event "Titled Tuesday intern op 10th Jan Late"]
[Site "Chess.com INT"]
[Date "2023.01.10"]
[Round "4"]
[White "Pakleza, Zbigniew"]
[Black "Shapiro, Bryan"]
[Result "1-0"]
[WhiteElo "2496"]
[BlackElo "1972"]
[PlyCount "89"]
[EventDate "2023.01.10"]
[EventType "swiss (blitz)"]
[EventRounds "11"]
[EventCountry "USA"]
[SourceTitle "EXT 2024"]
[Source "ChessBase"]
[SourceDate "2023.10.10"]
[SourceVersion "1"]
[SourceVersionDate "2023.10.10"]
[SourceQuality "1"]

1. d4 Nf6 2. Nf3 e6 3. Bf4 c5 4. c3 b6 5. Nbd2 Bb7 6. Nc4 d5 7. Nce5 Nc6 8. e3 Nh5 9. Bb5 Rc8 10. Qa4 Qc7 11. Nxc6 Nxf4 12. Nce5+ Kd8 13. exf4 a6 14. Be2 f6 15. Nd3 c4 16. Nb4 Qxf4 17. 0-0 a5 18. Qb5 axb4 19. Qxb6+ Qc7 20. Qxe6 Qe7 21. Qxe7+ Bxe7 22. Rfe1 Bd6 23. Nd2 Re8 24. Bf3 Bc6 25. Nf1 bxc3 26. bxc3 Bf4 27. g3 Bg5 28. h4 Bh6 29. Rxe8+ Kxe8 30. a4 Kd7 31. Bg4+ Kc7 32. Bxc8 Kxc8 33. Ne3 Kb7 34. Kf1 g5 35. Nf5 Bf8 36. hxg5 fxg5 37. Ke2 Bd7 38. Ne3 Be6 39. Rb1+ Ka6 40. Rb5 h5 41. Nxd5 Bg4+ 42. f3 Bd7 43. Rb6+ Ka5 44. Rb7 Bc6 45. Ra7# 1-0

[Event "Titled Tuesday intern op 10th Jan Late"]
[Site "Chess.com INT"]
[Date "2023.01.10"]
[Round "3"]
[White "Shapiro, Bryan"]
[Black "Forgacs, Attila Jr"]
[Result "1-0"]
[WhiteElo "1972"]
[BlackElo "2227"]
[PlyCount "187"]
[EventDate "2023.01.10"]
[EventType "swiss (blitz)"]
[EventRounds "11"]
[EventCountry "USA"]
[SourceTitle "EXT 2024"]
[Source "ChessBase"]
[SourceDate "2023.10.10"]
[SourceVersion "1"]
[SourceVersionDate "2023.10.10"]
[SourceQuality "1"]

1. d4 Nf6 2. c4 g6 3. Nc3 Bg7 4. e4 d6 5. h3 0-0 6. Nf3 Nbd7 7. Be3 e5 8. d5 Nc5 9. Qc2 a5 10. Nd2 Ne8 11. Be2 f5 12. f3 f4 13. Bf2 b6 14. b3 g5 15. a3 Bd7 16. 0-0 h5 17. b4 axb4 18. axb4 Rxa1 19. Rxa1 Nb7 20. Ra7 Bc8 21. Nb5 Nf6 22. Ra8 Qe7 23. Na7 Bd7 24. Rxf8+ Bxf8 25. Nb5 g4 26. Bf1 gxh3 27. gxh3 Qg7+ 28. Kh2 Bxb5 29. cxb5 Nd8 30. Bh4 Qf7 31. Nb3 Bg7 32. Na5 Qd7 33. Nc6 Nf7 34. Nb8 Qc8 35. Na6 Ne8 36. Qc6 Bf8 37. Be2 Bg7 38. Bf2 Qd8 39. Bg1 Kf8 40. Bf1 Bf6 41. Bf2 Qe7 42. Nb8 Nd8 43. Qc2 Bh4 44. Nc6 Nxc6 45. bxc6 Bxf2 46. Qxf2 Qg5 47. h4 Qg7 48. Bh3 Nf6 49. Bf5 Qg3+ 50. Qxg3 fxg3+ 51. Kxg3 Ke7 52. f4 exf4+ 53. Kxf4 Kf7 54. Kg5 Kg7 55. Bg6 Ng4 56. Bxh5 Nf2 57. Kf4 Nd3+ 58. Ke3 Nxb4 59. Be2 Na2 60. h5 Nc1 61. Kd2 Nb3+ 62. Kc3 Nc5 63. Kd4 Nb3+ 64. Kc3 Nc5 65. Kd4 Na4 66. e5 dxe5+ 67. Kxe5 Nc3 68. d6 cxd6+ 69. Kxd6 Nxe2 70. c7 Nf4 71. c8Q Kh6 72. Qc6 Nxh5 73. Kc7+ Kg5 74. Kxb6 Nf4 75. Qc5+ Kg4 76. Qf8 Kf3 77. Kc5 Ke4 78. Kc4 Kf3 79. Qf5 Kg3 80. Qg5+ Kf3 81. Kc3 Ne2+ 82. Kd2 Nd4 83. Qe3+ Kg2 84. Qxd4 Kf1 85. Qe5 Kf2 86. Kd3 Kf3 87. Qe3+ Kg4 88. Qf2 Kg5 89. Ke4 Kg6 90. Ke5 Kg7 91. Ke6 Kh6 92. Qg2 Kh7 93. Kf7 Kh6 94. Qg6# 1-0

[Event "Titled Tuesday intern op 03rd Jan Late"]
[Site "Chess.com INT"]
[Date "2023.01.03"]
[Round "2"]
[White "Keller, Peter1"]
[Black "Shapiro, Bryan"]
[Result "1-0"]
[WhiteElo "2358"]
[BlackElo "1972"]
[PlyCount "77"]
[EventDate "2023.01.03"]
[EventType "swiss (blitz)"]
[EventRounds "11"]
[EventCountry "USA"]
[SourceTitle "EXT 2024"]
[Source "ChessBase"]
[SourceDate "2023.10.10"]
[SourceVersion "1"]
[SourceVersionDate "2023.10.10"]
[SourceQuality "1"]

1. e4 e5 2. Nc3 Nf6 3. g3 Bc5 4. Bg2 d6 5. Nge2 Nc6 6. Na4 h5 7. h3 h4 8. g4 Be6 9. d3 Nh7 10. 0-0 g5 11. c3 Bb6 12. d4 Ne7 13. Be3 Nf8 14. Bxg5 Nfg6 15. f4 exf4 16. Nxb6 axb6 17. Nxf4 Qd7 18. d5 Nxf4 19. Bxf4 Bxd5 20. exd5 0-0-0 21. a4 Ng6 22. Bh2 Ne5 23. Bxe5 dxe5 24. a5 bxa5 25. Rxa5 Kb8 26. Qd2 f5 27. Rfa1 c6 28. c4 fxg4 29. Ra8+ Kc7 30. Qa5+ Kd6 31. Rxd8 Rxd8 32. c5+ Ke7 33. d6+ Kf7 34. Rf1+ Kg7 35. Qd2 Kg6 36. Be4+ Kg7 37. Qg5+ Kh8 38. Qh6+ Kg8 39. Rf6 1-0

[Event "Titled Tuesday intern op 08th Nov Late"]
[Site "Chess.com INT"]
[Date "2022.11.08"]
[Round "4"]
[White "Rangel, Daniel"]
[Black "Shapiro, Bryan"]
[Result "1-0"]
[WhiteElo "2220"]
[BlackElo "1972"]
[PlyCount "93"]
[EventDate "2022.11.08"]
[EventType "swiss (blitz)"]
[EventRounds "11"]
[EventCountry "USA"]
[SourceTitle "EXT 2024"]
[Source "ChessBase"]
[SourceDate "2023.10.10"]
[SourceVersion "1"]
[SourceVersionDate "2023.10.10"]
[SourceQuality "1"]

1. e4 e5 2. Nc3 Nf6 3. Bc4 Nc6 4. d3 Bc5 5. Bg5 h6 6. Bh4 g5 7. Bg3 d6 8. Qd2 Be6 9. Bxe6 fxe6 10. 0-0-0 Nh5 11. Kb1 Nf4 12. f3 Qe7 13. Nce2 0-0-0 14. c3 Rhf8 15. d4 Bb6 16. Bxf4 gxf4 17. g4 exd4 18. Nxd4 Ne5 19. Qe2 Kb8 20. Nh3 Qh4 21. Nf2 Rde8 22. Nd3 Bxd4 23. cxd4 Nc4 24. Rc1 Nb6 25. Rc3 d5 26. e5 h5 27. Rhc1 hxg4 28. Rxc7 g3 29. hxg3 fxg3 30. Rg7 Re7 31. Rg4 Qh2 32. Qe3 Nc4 33. Qg5 Ref7 34. Rxg3 Qe2 35. f4 Rxf4 36. Rxc4 dxc4 37. Nc1 Rf1 38. Rc3 Qe4+ 39. Ka1 Qxd4 40. a3 Rc8 41. Ka2 Rf5 42. Qe7 Rxe5 43. Rc2 c3 44. b3 Qd5 45. Ne2 Rxe2 46. Rxe2 c2 47. Qxb7+ 1-0

[Event "Titled Tuesday intern op 08th Nov Late"]
[Site "Chess.com INT"]
[Date "2022.11.08"]
[Round "2"]
[White "Shapiro, Bryan"]
[Black "Goryachkina, Aleksandra"]
[Result "0-1"]
[WhiteElo "1972"]
[BlackElo "2584"]
[PlyCount "68"]
[EventDate "2022.11.08"]
[EventType "swiss (blitz)"]
[EventRounds "11"]
[EventCountry "USA"]
[SourceTitle "EXT 2024"]
[Source "ChessBase"]
[SourceDate "2023.10.10"]
[SourceVersion "1"]
[SourceVersionDate "2023.10.10"]
[SourceQuality "1"]

1. d4 Nf6 2. c4 e6 3. Nf3 d5 4. Nc3 Nbd7 5. cxd5 exd5 6. Bg5 c6 7. Qc2 Be7 8. e3 Nh5 9. Bxe7 Qxe7 10. Be2 0-0 11. 0-0 g6 12. Rab1 a5 13. a3 Nb6 14. b3 Qxa3 15. Ne5 Ng7 16. f4 Bf5 17. Bd3 Bxd3 18. Qxd3 Qe7 19. Rbe1 Rfe8 20. Kh1 Nd7 21. Nf3 Nf6 22. Ne5 Nf5 23. Na4 Ne4 24. Nc3 Nfd6 25. Rf3 Nxc3 26. Qxc3 Ne4 27. Qc2 Qb4 28. Ra1 Qd2 29. Qxd2 Nxd2 30. Rh3 Nxb3 31. Rb1 a4 32. Nd7 Kg7 33. Nb6 Ra6 34. Nd7 a3 0-1